| 000 | 01151pam a2200337 a 4500 | ||
|---|---|---|---|
| 001 | 2602 | ||
| 003 | FISKH | ||
| 005 | 20250303095044.0 | ||
| 008 | 960805s1997 cau c 000 1 eng | ||
| 010 | _a 96034182 | ||
| 020 | _a015201246X | ||
| 020 | _a9780439286039 | ||
| 040 |
_aDLC _cDLC _dDLC _beng |
||
| 042 | _alcac | ||
| 050 | 0 | 0 |
_aPZ7.B6236 _bTan 1997 |
| 082 | 0 | 0 |
_a[Fic] _220 |
| 100 | 1 |
_aBloor, Edward, _d1950- |
|
| 245 | 1 | 0 |
_aTangerine / _cEdward Bloor. |
| 250 | _aThis edition first printing, March 2007 | ||
| 260 |
_aScholastic : _bNew York, _c1997 |
||
| 300 |
_a294 pages : _c20 cm |
||
| 520 | _aTwelve-year-old Paul, who lives in the shadow of his football hero brother Erik, fights for the right to play soccer despite his near blindness and slowly begins to remember the incident that damaged his eyesight. | ||
| 650 | 1 |
_aSoccer _xFiction. |
|
| 650 | 1 |
_aBrothers _xFiction. |
|
| 650 | 1 |
_aPeople with visual disabilities _vFiction. |
|
| 650 | 1 |
_aPeople with disabilities _vFiction. |
|
| 650 | 1 |
_aDiaries _xFiction. |
|
| 651 | 1 |
_aFlorida _xFiction. |
|
| 906 |
_a7 _bcbc _corignew _d1 _eocip _f19 _gy-gencatlg |
||
| 942 |
_2ddc _cBK _n0 |
||
| 999 |
_c2602 _d2602 |
||